000 00442nam a2200145Ia 4500
008 230917s9999||||xx |||||||||||||| ||und||
040 _e166226
_aMAIN
041 _aEnglish
082 _a891.433721 CK361E
100 _aचन्द्कान्ता
245 0 _aऐलान गली जिन्दा है
260 _aनई दिल्ली
_bराजकमल प्रकाशन
_c1984
300 _a217 p.
942 _cHN
999 _c63863
_d63863